000
00342nam a2200145Ia 4500
003
OSt
005
20240302161328.0
008
170523s9999 xx 000 0 und d
020
_a
978-9350244548
040
_c
IIMTU
100
_a
DESAI- VASANT
245
0
_a
DYNAMICS OF ENTREPRENEURIAL DEVP
260
_b
HIMALAYA PUBLICATION
942
_2
ddc
_c
02
999
_c
863
_d
863